00530nam a22001937a 4500003000900000008004100009040007100050082001800121100002000139245003200159260002900191300002400220440002900244650001200273650001500285650001000300650001300310650001300323AR-CdUCM190313b ||||| |||| 00| 0 spa d aMUNICIPALIDAD PROVINCIAL DEL CUSCOcBIBLIOTECA MUNICIPAL DEL CUSCO a869.56 /bF65 aFlorez B, Felix aRadiografia de una Camino / aCuzco :bEl Arte,c1969. a25 paginas ;c20cm. aColección Vigencia n5 aPoemas  aLiteratura aCuzco aHistoria aSiglo XX